Countries that are in the EU - Statistics

General Stats
  • This quiz has been taken 55 times
  • The average score is 14 of 16
Answer Stats
Question Tile Select % Correct
of these that are in the EU No
98%
of these that are in the EU Yes
95%
of these that are in the EU No
95%
of these that are in the EU Yes
95%
of these that are in the EU No
95%
of these that are in the EU No
93%
of these that are in the EU No
93%
of these that are in the EU Yes
93%
of these that are in the EU Yes
93%
of these that are in the EU Yes
88%
of these that are in the EU No
83%
of these that are in the EU Yes
83%
of these that are in the EU Yes
79%
of these that are in the EU No
74%
of these that are in the EU Yes
71%
of these that are in the EU No
69%
No matching quizzes found
Score Distribution
Percent of People with Each Score
Percentile by Number Answered
Your Score History
You have not taken this quiz